000 01020nam a22003137a 4500
003 CHAP
005 20220329135047.0
008 971013s1978 r 00010 d
010 _a30309
011 _a31281
035 _a35393
040 _cCHAP
082 _a335.4
_bM45Y
100 0 0 _aMandel, Ernest.
_970346
245 _aAlineación y emancipación del proletariado
260 _aBarcelona :
_bFontamara,
_c1978
300 _a158 p
490 _aArgumentos
590 _aBATCH-UPD
_b10
_c20130109
_lUCH01
_h2349
590 _aBATCH-UPD
_b10
_c20130110
_lUCH01
_h1002
590 _aCONVERSION
_b10
_c20130109
_lUCH01
_h1317
650 1 4 _aSocialismo.
_9108040
830 0 _aArgumentos
_97027
901 _aBK
942 _cLIBRO
949 _a335.4 M45Y
_bBC
_cLIBRO
_d33724000342176
_eLIBRO
_fc.2
_gI.c/e
_h6470
_i35393
_si
_t800.00
949 _a335.4 M45Y
_bBC
_cLIBRO
_d33724000342267
_eLIBRO
_gI.c/e
_h6469
_i35393
_si
_t800.00
949 _a335.4 M45Y
_bBC
_cLIBRO
_d33724000342275
_eLIBRO
_fc.3
_gI.c/e
_h6471
_i35393
_si
_t800.00
999 _c30309
_d30309